[Event "Wch U18 Girls"]
[Site "Khanty-Mansiysk"]
[Date "2016.09.22"]
[Round "1"]
[White "Albekova, Dilyara"]
[Black "Yakimenko, Viktoria"]
[Result "1/2-1/2"]
[WhiteElo "1784"]
[BlackElo "2160"]
[PlyCount "168"]
[EventDate "2016.09.22"]
[EventType "swiss"]
[EventRounds "11"]
[EventCountry "RUS"]
[SourceTitle "EXT 2017"]
[Source "ChessBase"]
[SourceDate "2016.10.25"]
[SourceVersion "1"]
[SourceVersionDate "2016.10.25"]
[SourceQuality "1"]

1. e4 c5 2. Nf3 Nc6 3. Bb5 g6 4. 0-0 Bg7 5. Re1 d6 6. c3 Qb6 7. Bf1 e6 8. d3 Nge7 9. Nbd2 0-0 10. Nb3 e5 11. a4 Be6 12. Nbd2 h6 13. b3 f5 14. Ba3 a6 15. Nc4 Qc7 16. exf5 Bxf5 17. Ne3 Be6 18. Rc1 Qd7 19. Bb2 d5 20. Ba3 b6 21. g3 Rab8 22. Bg2 d4 23. Nc4 Bg4 24. Qe2 Qf5 25. Nh4 Bxe2 26. Nxf5 gxf5 27. Rxe2 dxc3 28. f4 Nd4 29. Ree1 e4 30. dxe4 Nxb3 31. Rb1 Nd2 32. Nxd2 cxd2 33. Red1 Rfd8 34. e5 Rd3 35. Bxc5 Nc8 36. Bf1 Rd8 37. Bxa6 Ra8 38. Bxc8 bxc5 39. Bxf5 Rxa4 40. Rb2 Rad4 41. Rc2 Bf8 42. Kf2 c4 43. Be6+ Kg7 44. Rxc4 Rxc4 45. Bxc4 Rd4 46. Ba2 Bb4 47. Ke3 Rd8 48. Ke4 Rc8 49. f5 Rc1 50. Bb3 h5 51. f6+ Kg6 52. Kd5 Kf7 53. Ke4+ Kg6 54. Ba4 Rc4+ 55. Kd5 Rc5+ 56. Kd4 Rc8 57. Kd3 Kf5 58. f7 Kxe5 59. Rxd2 Rc3+ 60. Ke2 Kf6 61. Rb2 Ba3 62. Rb7 Be7 63. Be8 Bf8 64. Rb6+ Kg7 65. Rb2 Rc5 66. Ke3 Rf5 67. Ke4 Ra5 68. Rd2 Rc5 69. h4 Be7 70. Rd5 Rxd5 71. Kxd5 Kf6 72. f8Q+ Bxf8 73. Bxh5 Bh6 74. Ke4 Bd2 75. Be8 Be1 76. Kf3 Bxg3 77. Kxg3 Kg7 78. Kg4 Kh6 79. Bc6 Kg6 80. h5+ Kh6 81. Be4 Kg7 82. Kg5 Kg8 83. Kg6 Kh8 84. h6 Kg8 1/2-1/2

[Event "Wch U20 Girls 34th"]
[Site "Bhubaneswar"]
[Date "2016.08.20"]
[Round "12"]
[White "Albekova, Dilyara"]
[Black "Ayinala, Shree"]
[Result "1-0"]
[WhiteElo "1732"]
[BlackElo "1464"]
[PlyCount "74"]
[EventDate "2016.08.08"]
[EventType "swiss"]
[EventRounds "13"]
[EventCountry "IND"]
[SourceTitle "CBM 173 Extra"]
[Source "ChessBase"]
[SourceDate "2016.08.29"]
[SourceVersion "1"]
[SourceVersionDate "2016.08.29"]
[SourceQuality "1"]

1. e4 c5 2. Nc3 Nc6 3. f4 g6 4. Nf3 Bg7 5. Bc4 e6 6. d3 Nge7 7. 0-0 0-0 8. Qe1 d5 9. Bb3 Na5 10. Bd2 c4 11. Ba4 a6 12. b4 Nac6 13. Bxc6 Nxc6 14. a3 b5 15. e5 Bb7 16. d4 Ne7 17. g4 Bc8 18. Ne2 f6 19. exf6 Bxf6 20. Ne5 Qc7 21. c3 Nc6 22. Nxc6 Qxc6 23. g5 Bg7 24. Qh4 Ra7 25. Ng3 Raf7 26. Nh1 Qd7 27. Nf2 Qc6 28. Rae1 Qc7 29. Ng4 Rf5 30. Rf3 R8f7 31. Rh3 Kf8 32. Be3 Ke7 33. Qxh7 Bxd4 34. Qxg6 Bxe3+ 35. Nxe3 Qd6 36. Nxf5+ Rxf5 37. Qxf5 Qd8 1-0

[Event "Asia-ch U20 Girls"]
[Site "New Delhi"]
[Date "2016.05.04"]
[Round "1"]
[White "Albekova, Dilyara"]
[Black "Uuriintuya, Uurtsaikh"]
[Result "0-1"]
[WhiteElo "1810"]
[BlackElo "2172"]
[PlyCount "76"]
[EventDate "2016.05.04"]
[EventType "swiss"]
[EventRounds "9"]
[EventCountry "IND"]
[SourceTitle "CBM 172 Extra"]
[Source "ChessBase"]
[SourceDate "2016.06.21"]
[SourceVersion "1"]
[SourceVersionDate "2016.06.21"]
[SourceQuality "1"]

1. e4 c5 2. Nf3 Nc6 3. d4 cxd4 4. Nxd4 Qb6 5. Nb3 e6 6. Be3 Qc7 7. a3 Nf6 8. Nc3 Be7 9. f4 d6 10. Be2 a6 11. Qd2 b5 12. 0-0 0-0 13. Bf3 Bb7 14. Rad1 Rac8 15. g4 Rfd8 16. Qf2 Nd7 17. f5 Qb8 18. g5 Nde5 19. Be2 Bf8 20. Qh4 Re8 21. Rf4 Ne7 22. Qh3 exf5 23. exf5 g6 24. Nd4 Nxf5 25. Nxf5 gxf5 26. Qxf5 Rc7 27. Bh5 Ng6 28. Bxg6 fxg6 29. Qh3 Qd8 30. Rf6 d5 31. Bd4 Bg7 32. Bb6 Bxf6 33. Bxc7 Qxc7 34. gxf6 Qb6+ 35. Kf1 Qxf6+ 36. Kg1 Qb6+ 37. Kf1 Rf8+ 38. Ke2 Qf2+ 0-1

[Event "Wch U16 Girls"]
[Site "Durban"]
[Date "2014.09.26"]
[Round "8"]
[White "Ghukasyan, Siranush"]
[Black "Albekova, Dilyara"]
[Result "1-0"]
[WhiteElo "2155"]
[BlackElo "1830"]
[PlyCount "45"]
[EventDate "2014.09.20"]
[EventType "swiss"]
[EventRounds "11"]
[EventCountry "RSA"]
[SourceTitle "CBM 162 Extra"]
[Source "ChessBase"]
[SourceDate "2014.10.17"]
[SourceVersion "1"]
[SourceVersionDate "2014.10.17"]
[SourceQuality "1"]

1. e4 d5 2. exd5 Qxd5 3. Nc3 Qd6 4. d4 Nf6 5. Nf3 c6 6. g3 Bg4 7. Bg2 e6 8. 0-0 Be7 9. Bf4 Qd8 10. Re1 0-0 11. h3 Bxf3 12. Bxf3 Nbd7 13. Qd3 Nb6 14. Ne4 Nbd5 15. Bd2 g6 16. a3 Nxe4 17. Bxe4 Nf6 18. Bg2 Qb6 19. c4 Nd7 20. Bc3 Qc7 21. Qe2 Rab8 22. Rac1 Qb6 23. c5 1-0

[Event "Kostanay Ufimtsev Memorial"]
[Site "Kostanay"]
[Date "2014.06.10"]
[Round "7"]
[White "Albekova, Dilyara"]
[Black "Bekentayev, Uran"]
[Result "0-1"]
[WhiteElo "1772"]
[BlackElo "1906"]
[PlyCount "48"]
[EventDate "2014.06.04"]
[EventType "swiss"]
[EventRounds "9"]
[EventCountry "KAZ"]
[SourceTitle "EXT 2018"]
[Source "ChessBase"]
[SourceDate "2017.10.13"]
[SourceVersion "1"]
[SourceVersionDate "2017.10.13"]
[SourceQuality "1"]

1. e4 Nf6 2. e5 Nd5 3. c4 Nb6 4. d4 d6 5. f4 dxe5 6. fxe5 Nc6 7. Be3 Bf5 8. Nc3 e6 9. Be2 Be7 10. Nf3 0-0 11. 0-0 f6 12. a3 Bg4 13. b4 fxe5 14. d5 Bxf3 15. Bxf3 Nxc4 16. dxc6 Nxe3 17. cxb7 Rb8 18. Qe2 Qd4 19. Nb5 Qb6 20. Rf2 e4 21. Re1 Bg5 22. Bxe4 Ng4 23. Bf3 Be3 24. Kf1 Nxh2+ 0-1

[Event "Kostanay Ufimtsev Memorial"]
[Site "Kostanay"]
[Date "2014.06.08"]
[Round "5"]
[White "Albekova, Dilyara"]
[Black "Kasachev, Yuriy"]
[Result "1-0"]
[WhiteElo "1772"]
[BlackElo "1707"]
[PlyCount "69"]
[EventDate "2014.06.04"]
[EventType "swiss"]
[EventRounds "9"]
[EventCountry "KAZ"]
[SourceTitle "EXT 2018"]
[Source "ChessBase"]
[SourceDate "2017.10.13"]
[SourceVersion "1"]
[SourceVersionDate "2017.10.13"]
[SourceQuality "1"]

1. e4 e5 2. Nc3 Bb4 3. Nf3 Bxc3 4. bxc3 Nf6 5. Nxe5 Qe7 6. Nf3 Nxe4 7. Qe2 Nc6 8. Bb2 0-0 9. 0-0-0 Nc5 10. Qc4 d5 11. Qxd5 Be6 12. Qg5 f6 13. Qe3 Na4 14. Bb5 Nxb2 15. Kxb2 Qd6 16. Nd4 Bf7 17. Ba4 Rae8 18. Qg3 Re5 19. Nf3 Qd5 20. Bb3 Qb5 21. Nxe5 Nxe5 22. d3 c5 23. f4 Nc6 24. Kc1 c4 25. dxc4 Bxc4 26. Qd3 Na5 27. Bxc4+ Nxc4 28. Qd5+ Qxd5 29. Rxd5 Ne3 30. Rd7 Rb8 31. Re1 Nf5 32. g4 Nh4 33. Rde7 Ng6 34. Rxg7+ Kf8 35. Rxh7 1-0

[Event "World School-ch U15 Girls 9th"]
[Site "Porto Carras"]
[Date "2013.05.09"]
[Round "3"]
[White "Mammadova, Narmin Fazahir Qizi"]
[Black "Albekova, Dilyara"]
[Result "1-0"]
[WhiteElo "1943"]
[BlackElo "1667"]
[PlyCount "67"]
[EventDate "2013.05.07"]
[EventType "swiss"]
[EventRounds "9"]
[EventCountry "GRE"]
[SourceTitle "CBM 154 Extra"]
[Source "ChessBase"]
[SourceDate "2013.06.25"]
[SourceVersion "2"]
[SourceVersionDate "2013.06.25"]
[SourceQuality "1"]

1. e4 d5 2. exd5 Qxd5 3. Nc3 Qd6 4. Nf3 Nf6 5. d4 a6 6. Be2 Bf5 7. Be3 e6 8. Qd2 Nc6 9. a3 Be7 10. Rd1 0-0 11. 0-0 Rac8 12. Bf4 Qd8 13. Rfe1 Nb8 14. Bc4 b5 15. Bf1 c5 16. Qe2 Nd5 17. Nxd5 Qxd5 18. c3 Rfd8 19. Be3 c4 20. Qd2 Nc6 21. Bf4 a5 22. Ne5 f6 23. Nxc6 Qxc6 24. Qe3 Bf8 25. Be2 b4 26. Bf3 Qb6 27. axb4 axb4 28. g4 Bc2 29. Rd2 bxc3 30. bxc3 Ba4 31. Qxe6+ Qxe6 32. Rxe6 Kf7 33. Ra6 Bb3 34. Bb7 1-0

[Event "World School-ch U15 Girls 9th"]
[Site "Porto Carras"]
[Date "2013.05.08"]
[Round "2"]
[White "Drogovoz, Maria"]
[Black "Albekova, Dilyara"]
[Result "0-1"]
[WhiteElo "1879"]
[BlackElo "1667"]
[PlyCount "66"]
[EventDate "2013.05.07"]
[EventType "swiss"]
[EventRounds "9"]
[EventCountry "GRE"]
[SourceTitle "CBM 154 Extra"]
[Source "ChessBase"]
[SourceDate "2013.06.25"]
[SourceVersion "2"]
[SourceVersionDate "2013.06.25"]
[SourceQuality "1"]

1. e4 d5 2. exd5 Qxd5 3. Nc3 Qd6 4. d4 Nf6 5. Nf3 a6 6. Ne5 Nc6 7. Nxc6 Qxc6 8. Bf4 Bf5 9. Qd2 e6 10. a3 Ne4 11. Nxe4 Qxe4+ 12. Qe3 Qxc2 13. Be2 Qxb2 14. 0-0 Bd6 15. Bxd6 cxd6 16. g4 Bg6 17. f4 0-0 18. f5 exf5 19. Rfb1 Qc2 20. Bd3 Qc8 21. gxf5 Bxf5 22. Bxf5 Qxf5 23. Rxb7 Qg4+ 24. Kh1 Rae8 25. Qd3 Re2 26. Rg1 Qe4+ 27. Qxe4 Rxe4 28. Rb6 Rxd4 29. Rxa6 Rd2 30. a4 d5 31. a5 Ra2 32. Rd1 Re8 33. Ra7 g6 0-1

[Event "KAZ-ch U20 Girls"]
[Site "Kostanay"]
[Date "2012.02.09"]
[Round "7"]
[White "Albekova, Dilyara"]
[Black "Sarkina, Saule"]
[Result "0-1"]
[WhiteElo "1702"]
[BlackElo "2058"]
[PlyCount "118"]
[EventDate "2012.02.04"]
[EventType "swiss"]
[EventRounds "9"]
[EventCountry "KAZ"]
[SourceTitle "EXT 2014"]
[Source "ChessBase"]
[SourceDate "2013.11.20"]
[SourceVersion "1"]
[SourceVersionDate "2013.11.20"]
[SourceQuality "1"]

1. e4 c5 2. Nc3 Nc6 3. f4 e6 4. Bc4 Nge7 5. Nf3 d5 6. Bb3 c4 7. Ba4 a6 8. Bxc6+ Nxc6 9. d4 Bb4 10. e5 b5 11. a3 Ba5 12. 0-0 Ne7 13. Ne2 Bd7 14. c3 Nf5 15. Qe1 Bb6 16. Bd2 Qe7 17. Ng3 Nxg3 18. Qxg3 f5 19. Kh1 Bc6 20. Ng5 Kd7 21. Qf3 g6 22. Nh3 a5 23. Be1 Rhb8 24. Qd1 Bd8 25. Ng5 h6 26. Nf3 Qf7 27. Bd2 Be7 28. b3 cxb3 29. Qxb3 Qf8 30. Rfb1 Ke8 31. h3 Kf7 32. Qc2 Qg7 33. Qc1 Qf8 34. Nh2 Bd7 35. Nf3 Rc8 36. Qb2 Rc4 37. Qa2 Rac8 38. Ne1 Ra4 39. Nc2 Ra8 40. Qb3 Rc4 41. Ne3 Rcc8 42. Nd1 g5 43. g3 Qg7 44. Nf2 Rc4 45. Qd1 Qg6 46. Qf3 Rg8 47. Rf1 h5 48. Qe2 gxf4 49. Bxf4 Rxc3 50. Nd3 Rgc8 51. Rac1 Bxa3 52. Rxc3 Rxc3 53. Qd2 b4 54. Nc5 Bb5 55. Rg1 h4 56. Qh2 hxg3 57. Bxg3 Qh5 58. Qg2 Be2 59. Bh4 Bf3 0-1